Vista normal
Vista MARC
Entrada Corporate Name
Número de registros utilizados en: 5
001 - CONTROL NUMBER
- control field: 2611
003 - CONTROL NUMBER IDENTIFIER
- control field: OSt
005 - DATE AND TIME OF LATEST TRANSACTION
- control field: 20130925192934.0
008 - FIXED-LENGTH DATA ELEMENTS
- fixed length control field: 130925|||a|||||| | ||| d
040 ## - CATALOGING SOURCE
- Original cataloging agency: OSt
- Transcribing agency: OSt
110 ## - HEADING--CORPORATE NAME
- Corporate name or jurisdiction name as entry element: Ministerio de Educacion y Justicia
670 ## - SOURCE DATA FOUND
- Source citation: Work cat.: (OSt): Ministerio de Educacion y Justicia, Recuperacion de proyectos comunitarios vinculados al campo de la Salud, 1986